00657nam a2200217 450000100060000000300080000600500170001400800390003102000150007003500190008504000320010404100080013608200180014410000330016224501100019526000340030530000340033950400200037365000210039370000250041410215BD-RjUL20211208234920.0140123s1969 nyua 001 0 eng a0471237450 a(BD-RjUL)10263 aDLCcDLCdDLCdBD-RjULbeng aeng00a547.1222bELE1 aEliel, Ernest Ludwig,d1921-10aElements of stereochemistryc[by] Ernest L. Eliel. With a section on coordination compounds by F. Basolo. aNew York :bWiley ,cc1969 . avi, 98 p. :billus. ;c23 cm. aIncludes index. 0aStereochemistry.1 aBasolo, Fred,d1920-